000 00905nam0a22002171i 4500
001 rc\2320256
005 20240726102342.0
035 _a(NLR Aleph) 006470802
090 _a5933166
_c5933166
100 _a20110829d1977 |||y0rusy50 ca
101 0 _arus
102 _aRU
105 _ay d |||||
200 1 _aПартийное руководство местными органами государственной власти и управления в современный период
_e(На опыте КПСС и ПОРП)
_eАвтореф. дис. на соиск. учен. степени канд. юрид. наук
_e(12.00.01)
_fАкад. обществ. наук при ЦК КПСС
210 _aМосква
_d1977
215 _a22 с.
700 1 _aЛюбчак
_bР.
_gРомуальд
801 0 _aRU
_bNLR
_gpsbo
801 1 _aRU
_bELAR
_2rusmarc
852 _aNLR
_j77-4/19792
942 _cBOOK